Плавка и литье алюминиевых сплавов: Справочник

Bibliographic Details
Other Authors: Добаткин В. И. Владимир Иванович (редактор)
Summary:Авт. указаны на обороте тит. л.
Language:Russian
Published: Москва, Металлургия, 1983
Edition:2-е изд., перераб. и доп.
Series:Алюминиевые сплавы
Subjects:
Format: MixedMaterials Book
KOHA link:https://koha.lib.tpu.ru/cgi-bin/koha/opac-detail.pl?biblionumber=93415

MARC

LEADER 00000nam0a2200000 4500
001 93415
005 20231031105154.0
020 |a RU  |b 83-92332 
035 |a (RuTPU)RU\TPU\book\100026 
090 |a 93415 
100 |a 20060329d1983 km y0rusy5003 ca 
101 0 |a rus 
102 |a RU 
105 |a a g 001zy 
200 1 |a Плавка и литье алюминиевых сплавов  |e Справочник  |f под ред. В. И. Добаткина 
205 |a 2-е изд., перераб. и доп. 
205 |a 2-е изд., перераб. и доп. 
210 |a Москва  |c Металлургия  |d 1983 
215 |a 351 с.  |c ил. 
225 1 |a Алюминиевые сплавы 
300 |a Авт. указаны на обороте тит. л. 
305 |a 1-е изд.: Алюминиевые сплавы. Плавка и литье алюминиевых сплавов 
320 |a Библиогр.: с. 347-349. 
320 |a Предметный указатель: с. 350-351. 
610 1 |a алюминиевое литье 
610 1 |a алюминиевые сплавы 
610 1 |a плавка 
610 1 |a справочники 
610 1 |a литье 
610 1 |a рафинирование 
610 1 |a слитки 
610 1 |a отливки 
610 1 |a шихта 
610 1 |a технология 
610 1 |a кристаллизация 
610 1 |a приготовление 
610 1 |a термическая обработка 
610 1 |a фасонное литье 
675 |a 621.745.5(035)  |z rus 
675 |a 621.74:669.2/.8(035)  |z rus 
702 1 |a Добаткин  |b В. И.  |g Владимир Иванович  |4 340 
801 0 |a RU  |b RuMRKP  |c 19950704  |g psbo 
801 1 |a RU  |b 63413507  |c 20060329  |g PSBO 
801 2 |a RU  |b 63413507  |c 20150216  |g PSBO 
942 |c BK